00730nam a2200217Ia 4500003000900000008004100009020001800050040001600068080001600084245010900100260003900209300001900248650001800267650002800285650002600313650002600339700003300365942000700398999001500405952009200420IN-BaIIA211028s9999 xx 000 0 eng d a0-04-900027-6 cIIA Library a94bHIS-5.2 4aThe ninetenth century 1775-1905bpt. 3cedited by Charles Moraze  aLondonbGeorge Allen & Unwinc1976 axi, 434-1009p. aHistory97064 aMedieval history911690 aModern history911691 aOthers thesaurus9637 aMoraze, Charles., ed.911692 cBK c6820d6820 00104070aBANbBANcGENd1981-08-21l0o94/ HIS-5.2p7582r2021-11-05w1981-08-21yBK